Дроби и проценти (Запис номер 192821)
[ съкратено ]
| 000 -Лидер | |
|---|---|
| Контролно поле с фиксирана дължина | 02123nam a2200469 c 4500 |
| 003 - Код на организацията, давaща контролен номер | |
| Контролно поле | BLK |
| 005 - Дата и час на последна редакция | |
| Контролно поле | 20250117115059.0 |
| 008 - Елементи от данни с фиксирана дължина | |
| fixed length control field | 180411b bul|||||r ||||||| ||bul|| |
| 010 ## - Наследен системен номер | |
| LC control number | KNG00202032000 |
| 020 ## - Международен стандартен номер на книга ISBN | |
| Международен стандартен номер на книга ISBN | 978-619-199-155-6 |
| 020 ## - Международен стандартен номер на книга ISBN | |
| Международен стандартен номер на книга ISBN | 3800083820147 |
| 040 ## - Източник на каталожния запис | |
| Идентификатор на билиотеката - собственик на записа | BLK |
| 041 ## - Код за език | |
| Код за езика на текст/звукозапис или на отделно заглавие | Български |
| Код за езика КДБФ | Български |
| 080 ## - УДК | |
| Текстов определител УДК | Математика - учебници за основни училища |
| УДК код - определител по УДК | 373.3.016:51 |
| УДК - код + определител | 373.3.016:51 |
| 080 ## - УДК | |
| Текстов определител УДК | Елементарна аритметика - Цели числа и действия с тях, множители, дроби, комплексни числа, корени, отношения и т. н. |
| УДК код - определител по УДК | 511.1 |
| УДК - код + определител | 511.1 |
| 100 ## - Редна дума - Автор | |
| Автор | Дикинс, Роузи |
| R(LIN) | 376173 |
| 139 ## - Редно поле | |
| Редна дума | Дикинс, Роузи |
| Авторски знак | Ди - Д 53 |
| 245 10 - Сведения за заглавието | |
| Заглавие | Дроби и проценти |
| Подзаглавни данни | Енцикл. с капачета : Над 8 г. |
| Редно поле (дума) | Роузи Дикинс; прев. Антон Златаров Татаров; ил. Бенедета Джуафред; ил. Енрика Русина. |
| 257 ## - Страна на издаване | |
| Страна на създаване/издаване | Великобритания |
| 260 ## - Област на издателските данни | |
| Име на издателя, разпространителя и проч. | Фют |
| Година на издаване | 2015 |
| Печатница | отпеч. в Китай |
| Място на издаване, разпространение и проч. | София |
| 300 ## - Физическа характеристика | |
| Страници | 14 с. |
| Илюстрации и др. | с цв. ил. |
| Размери/Мащаб | 29 см |
| 380 ## - Жанр | |
| Жанр | Детска отраслова лит. |
| 490 ## - СЕРИИ (Колекции) | |
| Име на серия | Разгледайте отвътре! |
| 9 (RLIN) | 207733 |
| 500 ## - Общи забележки | |
| Забележка | Кор. опис. - Ориг. загл. Lift-the-flap. Fractions and Decimals. - Кн. отпеч. на ламиниран картон. |
| 650 #4 - Допълнително описание по предмет – тема | |
| Основно описание – тема или топоним | Математика - за деца |
| 9 (RLIN) | 272009 |
| 653 ## - Ключова дума – ненормативна | |
| Ключова дума | дробни числа |
| 653 ## - Ключова дума – ненормативна | |
| Ключова дума | проценти |
| 653 ## - Ключова дума – ненормативна | |
| Ключова дума | математика |
| 653 ## - Ключова дума – ненормативна | |
| Ключова дума | литература за деца |
| 653 ## - Ключова дума – ненормативна | |
| Ключова дума | детска литература |
| 659 ## - Тематичен бюлетин | |
| Тематичен бюлетин | Н |
| 700 1# - Други автори (авторска отговорност) | |
| Лично име | Татаров, Антон Златаров |
| Автороска отговорност (Описва отношението между автора и произведението) | прев. |
| 9 (RLIN) | 382674 |
| 700 1# - Други автори (авторска отговорност) | |
| Лично име | Джуафред, Бенедета |
| Автороска отговорност (Описва отношението между автора и произведението) | ил. |
| 9 (RLIN) | 61163 |
| 700 1# - Други автори (авторска отговорност) | |
| Лично име | Русина, Енрика |
| Автороска отговорност (Описва отношението между автора и произведението) | ил. |
| 9 (RLIN) | 341773 |
| 852 ## - Местоположение | |
| Форматна сигнатура | Цб ІІ 21695 |
| 856 4# - Електронен адрес и достъп | |
| Електронен формат | pdf - файл |
| 856 4# - Електронен адрес и достъп | |
| Електронен формат | pdf - файл |
| 999 ## - СИСТЕМНИ КОНТРОЛНИ НОМЕРА | |
| Koha biblionumber | 192821 |
| Koha biblioitemnumber | 192821 |
| 942 ## - АРТИКУЛИ | |
| Вид на библиотечния материал | Книги |
| Скрит в OPAC | Не |
| Koha issues (borrowed), all copies | 8 |
| Периодичен библиозапис | Да |
| 944 ## - СЪЗДАВАНЕ И РЕДАКЦИЯ на ЗАПИСА | |
| Създаване/Редакция | Създаване |
| Дата на регистрацията/редакция | 01.03.2017 |
| Статус, дата на статуса | Кети Илиева |
| Служител, извършил регистрацията/редакцията | 30550 |
| 944 ## - СЪЗДАВАНЕ И РЕДАКЦИЯ на ЗАПИСА | |
| Създаване/Редакция | Редакция |
| Дата на регистрацията/редакция | 02.03.2017 |
| Статус, дата на статуса | ф / |
| Служител, извършил регистрацията/редакцията | Людмила_Стоянова |
| 999 ## - СИСТЕМНИ КОНТРОЛНИ НОМЕРА | |
| Koha biblioitemnumber | 192821 |
| Код за отписване | Код за изгубен артикул | Код за повреда | Коз за рестрикции | Код за отдаване | Артикулен № | Име на библиотеката - собственик | Име на библиотеката, в която се намира в момента | Статус (Текущо местоположение) | Дата на вписване в системата | Местоположение - отдел | Цена в лева | Инвентарен номер | Систематично азбучна сигнатура | Баркод | Номер на екземпляра | Цена в евро | Служебна бележка | Служебен тип на артикула | Източник на класификационната схема |
|---|---|---|---|---|---|---|---|---|---|---|---|---|---|---|---|---|---|---|---|
| Не е изгубен | Не е повреден | без рестрикции | заемане за дома | 338013 | Регионална библиотека "Любен Каравелов" Русе | Регионална библиотека "Любен Каравелов" Русе | Детски отдел | 2017-03-01 | Детски отдел | 18.90 | 120000808672 | ДН 372.47/Д 53 | 120000808672 | 1 | 9.66 | Дост: Pk Вид: Ф N: 484 Дата: 01.03.2017 | Книги | ||
| Не е изгубен | Не е повреден | без рестрикции | заемане за дома | 900594 | Регионална библиотека "Любен Каравелов" Русе | Регионална библиотека "Любен Каравелов" Русе | Детски отдел | 2022-08-17 | Детски отдел | 10.00 | 373.3.016:51/Д 53 Р | 120000874367 | 5.11 | Книги | Universal Decimal Classification |